| 000 | 00685nam a2200217 a 4500 | ||
|---|---|---|---|
| 005 | 20250619063854.0 | ||
| 008 | 991125s1994 es 000 0 spa u | ||
| 020 | _a8425410827 | ||
| 035 | _aUPN01000020491 | ||
| 049 | _aCG | ||
| 050 | 4 |
_aP91 _bW2.38 1994 |
|
| 100 | 1 |
_aWatzlawick, Paul, _d1921-2007 _929498 |
|
| 245 | 1 | 1 |
_a¿Es real la realidad?: _bconfusión, desinformación, comunicación / _cPaul Watzlawick ; tr. Mariano Villanueva. |
| 250 | _a6a ed. | ||
| 260 |
_aBarcelona, Esp. : _bHerder, _c1994. |
||
| 300 |
_a272 p. : _bil. |
||
| 440 | 0 |
_aBiblioteca de psicología. _pTextos universitarios |
|
| 650 | 4 |
_aComunicación _99285 |
|
| 650 | 2 |
_aRealidad _97272 |
|
| 905 | _aLibro | ||
| 999 |
_c20491 _d20491 |
||